| 000 -LEADER |
| fixed length control field |
01580cam a2200289 i 4500 |
| 020 ## - ISBN |
| ISBN |
9789814947657 |
| 050 00 - LIBRARY OF CONGRESS CALL NUMBER |
| Classification number |
PZ7.7.P53 |
| 082 00 - DEWEY DECIMAL CLASSIFICATION NUMBER |
| Classification number |
Fic. P639d 2021 Bk.10 |
| Edition number |
23 |
| 100 1# - MAIN ENTRY--PERSONAL NAME |
| Personal name |
Pilkey, Dav, |
| Dates associated with a name |
1966- |
| 245 10 - TITLE STATEMENT |
| Title |
Dog man : |
| Remainder of title |
mothering heights / |
| Statement of responsibility, etc. |
written and illustrated by Dav Pilkey as George Beard and Harold Hutchins ; with color by Jose Garibaldi. |
| 260 ## - PUBLICATION, DISTRIBUTION, ETC. (IMPRINT) |
| Place of publication, distribution, etc. |
Singapore |
| Name of publisher, distributor, etc. |
Scholastic |
| Date of publication, distribution, etc. |
c2021 |
| 300 ## - PHYSICAL DESCRIPTION |
| Extent/Page number |
219 pages : |
| Other physical details |
color illustrations ; |
| Dimensions |
21 x 13.5 cm. |
| 337 ## - MEDIA TYPE |
| Media type term |
unmediated |
| Media type code |
n |
| 490 0# - SERIES STATEMENT |
| Series statement |
Dog Man ; |
| Volume/sequential designation |
9 |
| 504 ## - BIBLIOGRAPHY, ETC. NOTE |
| Bibliography, etc |
Lexile level - 260 |
| 505 0# - FORMATTED CONTENTS NOTE |
| Formatted Contents Note |
Meet the cast -- The line of duty -- The cone of shame -- Escape from cat jail -- Cone of destiny -- Bring on the bullies -- The playdate -- A bunch stuff that happened next -- Becoming Petey -- The bad old days -- Night of the living sippy cups -- Where it all began -- Big fight -- The most romantic chapter ever written -- Meanwhile, back at the terrifying battle -- The memory of love's refrain |
| 520 ## - SUMMARY, ETC. |
| Summary, etc. |
Dog Man is down on his luck, Petey confronts his not so purr-fect past, and Grampa is up to no good. The world is spinning out of control as new villains spill into town. Everything seems dark and full of despair. But hope is not lost. Can the incredible power of love save the day? |
| 526 ## - STUDY PROGRAM INFORMATION NOTE |
| PROGRAM TYPE |
FICTION |
| 650 #1 - SUBJECT ADDED ENTRY--TOPICAL TERM |
| Topical term or geographic name as entry element |
Graphic novels. |
| 650 #1 - SUBJECT ADDED ENTRY--TOPICAL TERM |
| Topical term or geographic name as entry element |
Humorous stories. |
| 650 #1 - SUBJECT ADDED ENTRY--TOPICAL TERM |
| Topical term or geographic name as entry element |
Dogs -- Juvenile fiction. |
| 650 #1 - SUBJECT ADDED ENTRY--TOPICAL TERM |
| Topical term or geographic name as entry element |
Cats -- Juvenile fiction. |
| 650 #1 - SUBJECT ADDED ENTRY--TOPICAL TERM |
| Topical term or geographic name as entry element |
Police -- Juvenile fiction. |
| 650 #1 - SUBJECT ADDED ENTRY--TOPICAL TERM |
| Topical term or geographic name as entry element |
Adventure and adventurers. |
| 700 1# - ADDED ENTRY--PERSONAL NAME/OTHER AUTHORS |
| Personal name |
Garibaldi, Jose, |
| 942 ## - ADDED ENTRY ELEMENTS |
| Classification |
|
| Item type |
Book |